| 000 | 00000nam 2200000zi 4500 |
| 001 | 9.941720 |
| 003 | CaOODSP |
| 005 | 20250115140222 |
| 006 | m o d f |
| 007 | cr cn |||||||| |
| 008 | 240809t20242024onca ob f000 0 fre d |
| 020 | |a9780660731155 |
| 040 | |aCaOODSP|bfre|erda|cCaOODSP |
| 043 | |an-cn--- |
| 086 | 1 |aH144-62/2024F-PDF |
| 245 | 00|aGardez les enfants à l'abri de la chaleur! : |bprotégez votre enfant de la chaleur accablante. |
| 264 | 1|a[Ottawa] : |bSanté Canada = Health Canada, |c[2024] |
| 264 | 4|c©2024 |
| 300 | |a1 ressource en ligne (12 pages non numérotées) : |billustrations en couleur |
| 336 | |atexte|btxt|2rdacontent/fre |
| 337 | |ainformatique|bc|2rdamedia/fre |
| 338 | |aressource en ligne|bcr|2rdacarrier/fre |
| 500 | |aPublié aussi en anglais sous le titre : Keep children cool! : protect your child from extreme heat. |
| 500 | |a« Pub. : 240479. » |
| 504 | |aComprend des références bibliographiques. |
| 650 | 6|aÉpuisement par la chaleur|zCanada|xPrévention. |
| 650 | 6|aCoup de chaleur|zCanada|xPrévention. |
| 650 | 6|aEnfants|xSanté et hygiène|zCanada. |
| 710 | 1 |aCanada. |bSanté Canada, |eorganisme de publication. |
| 775 | 08|tKeep children cool! : |w(CaOODSP)9.941721 |
| 795 | |tGardez les enfants à l'abri de la chaleur! : |w(CaOODSP)9.874964 |
| 856 | 40|qPDF|s2.95 Mo|uhttps://publications.gc.ca/collections/collection_2025/sc-hc/H144-62-2024-fra.pdf |
| 856 | 4 |qHTML|sS.O.|uhttps://www.canada.ca/fr/sante-canada/services/publications/vie-saine/gardez-enfants-abri-chaleur-accablante.html |